000 00223 a2200097 4500
001 16687
100 _aDuke N & lanchbery E (Ed)
245 _aThe crowckd sky
260 _aLondon
_bCassell london
_c
090 _c12587
_d12587
942 _aNUST-CAE
_cM
_c2877
999 _c251760
_d251760